Länder der Balkankriege - Statistiken

Allgemein
  • Dieses Quiz wurde 107 mal gespielt
  • Das Durchschnittsergebnis liegt bei 4 aus 6
Antwortstatistiken
Antwort % Korrekt
Serbien
98%
Montenegro
71%
Bulgarien
65%
Griechenland
65%
Rumänien
63%
Osmanisches Reich
25%
Keine übereinstimmenden Quizze gefunden
Verteilung der Resultate
Anzahl Personen mit jedem Resultat
Perzentil nach korrekt beantworteten Fragen
Ihre Resultats-Entwicklung
Sie haben dieses Quiz noch nicht gespielt